Tvorba sociálneho fondu a základná finančná kontrola

Významným nástrojom sociálnej politiky v obci, rozpočtovej a príspevkovej organizácii (ROPO) a jedným zo zdrojov jej financovania je sociálny fond. Ide o povinne vytváraný fond obce a ROPO na realizáciu ich sociálnej politiky v oblasti starostlivosti o zamestnancov.

Saved in:
Bibliographic Details
Main Author: Konečná Veverková, Ingrid
Format: Book Chapter
Language:Slovak
Subjects:
Tags: Add Tag
No Tags, Be the first to tag this record!

MARC

LEADER 00000naa a2200000 4500
001 0300408
005 20240521104002.7
041 0 |a slo 
044 |a SK 
245 1 0 |a Tvorba sociálneho fondu a základná finančná kontrola  |c Ingrid Konečná Veverková 
520 |a Významným nástrojom sociálnej politiky v obci, rozpočtovej a príspevkovej organizácii (ROPO) a jedným zo zdrojov jej financovania je sociálny fond. Ide o povinne vytváraný fond obce a ROPO na realizáciu ich sociálnej politiky v oblasti starostlivosti o zamestnancov. 
610 2 0 |a zákony 
610 2 0 |a fond sociálny 
610 2 0 |a kontrola finančná 
610 2 0 |a politika sociálna 
610 2 0 |a rozpočty 
610 2 0 |a zamestnanci 
100 1 |a Konečná Veverková, Ingrid